Paseos por Berlín /

Walter Benjamin, en su famoso Libro de los pasajes, califica a Franz Hessel como el autor que mejor ha comprendido la filosofía del flaneur, ese paseante sin rumbo que, desde una postura tanto estética como vital, deambula con la única expectativa de ser sorprendido. Hessel, conocedor profundo de Be...

Fuld beskrivelse

Guardado en:
Bibliografiske detaljer
Hovedforfatter: Hessel, Franz (autor)
Andre forfattere: Muñoz-Millanes, José (prólogo) (prólogo)
Format: Bog
Sprog:spansk
Udgivet: Madrid, España : Errata Naturae, 2015, c2015
Serier:(El Pasaje de los Panoramas ; 29)
Fag:
Tags: Tilføj Tag
Ingen Tags, Vær først til at tagge denne postø!

MARC

LEADER 00000nam^a2200000^a^4500
001 000395132
005 20250521000000.0
008 071213 20052002
009 20260310121355.661
020 |a 978-84-15217-88-6 
037 |a Acervo ITESO - Biblioteca 
041 |a ESP 
082 |a 394. 310943155  |b HES 
100 |a Hessel, Franz  |e (autor) 
245 1 0 |a Paseos por Berlín /  |c F. Hessel ; pról. de J. Muñoz-Millanes ; tr. por Manolo Laguillo. 
264 4 |a Madrid, España :  |b Errata Naturae,  |c 2015, c2015 
300 |a 281 p. 
336 |a texto  |b txt  |2 rdacontenido 
337 |a sin mediación  |b n  |2 rdamedio 
338 |a volumen  |b nc  |2 rdasoporte 
440 4 |a (El Pasaje de los Panoramas ;  |v 29) 
500 |a Traducción de: Spazieren in Berlin 
520 |a Walter Benjamin, en su famoso Libro de los pasajes, califica a Franz Hessel como el autor que mejor ha comprendido la filosofía del flaneur, ese paseante sin rumbo que, desde una postura tanto estética como vital, deambula con la única expectativa de ser sorprendido. Hessel, conocedor profundo de Berlín y también de París. da cuenta de ello en Paseos por Berlín y Berlín secreto, e incluso en obras de ficción como Romance en París. 
649 |a XX 
650 |a Paseantes Alemanes 
650 |a Escritores Alemanes 
650 |a Lentitud -  |z Berlín, Alemania -  |x Aspectos Sociales y Culturales 
650 |a Silencio -  |z Berlín, Alemania -  |x Aspectos Sociales y Culturales 
650 |a Paisajes -  |z Berlín, Alemania -  |x Aspectos Sociales y Culturales 
650 |a Caminata -  |z Berlín, Alemania -  |x Tema Principal 
650 |a Caminata -  |z Berlín, Alemania -  |x Filosofía 
650 |a Caminata -  |z Berlín, Alemania -  |x Historia 
650 |a Vagabundeo -  |z Berlín, Alemania -  |x Aspectos Sociales y Culturales 
650 |a Prácticas Culturales -  |z Berlín, Alemania 
650 |a Literatura Alemana -  |x Historia y Crítica 
650 |a Literatura Alemana -  |y Siglo XX 
650 |a Estética 
650 |a Urbanismo 
650 |a Antropología Cultural 
650 |a Berlín, Alemania -  |x Tema Principal 
650 |a Berlín, Alemania -  |x Descripción 
650 |a Alemania -  |x Descripción 
650 |a Hessel, Franz 
700 |a Muñoz-Millanes, José  |e (prólogo) 
910 |a Fondo General 
920 |a Impresos - Libros 
930 |a Colección General 
940 |a Literatura 
905 |a 101 
901 |a 0500290414  |b IT1  |c ACC  |i C148590  |u 20250521 
902 |a https://opac.biblio.iteso.mx/vufind/Record/000395132